000 00308cam a22001097a 4500
008 180718b1957 xxu||||| |||| 00| 0 eng d
082 _aB7303x5461 In2ba
100 _aDelhi Municipal Corporation
245 _aThe Delhi Municipal Corporation bill, 1957
260 _aDelhi
_bThe author
_c1957
300 _a266+p.
999 _c392454
_d392454